Oltre le monocolture del genere /

Wedi'i Gadw mewn:
Manylion Llyfryddiaeth
Prif Awdur: Poidimani, Nicoletta (Awdur)
Fformat: Llyfr
Iaith:Eidaleg
Cyhoeddwyd: Milano : Mimesis, 2006
Cyfres:Mimesis. Eterotopie
Pynciau:
Tagiau: Ychwanegu Tag
Dim Tagiau, Byddwch y cyntaf i dagio'r cofnod hwn!

MARC

LEADER 00000nam a22000007i 4500
001 IT\ICCU\URB\0559595
003 ItRI
005 20260115231942.0
008 060325s2006 it |||||| ||||| |||||c
020 |a 8884832683 
040 |b ita  |c importazione bologna sebina 
041 7 |a ita  |2 ISO-639-2 
100 1 |a Poidimani, Nicoletta  |0 IT\ICCU\MILV\146083  |4 aut 
240 1 0 |a Oltre le monocolture del genere  |3 IT\ICCU\RL1\0083010  |9 Poidimani, Nicoletta 
245 1 0 |a Oltre le monocolture del genere /  |c Nicoletta Poidimani. 
260 |a Milano :  |b Mimesis,  |c 2006 
300 |a 155 p. ;  |c 21 cm. 
650 7 |a Donna  |x Posizione sociale 
830 0 |a Mimesis. Eterotopie  |0 IT\ICCU\CFI\0790643 
942 |2 ddc  |c BK  |n 0 
952 |0 0  |1 0  |4 0  |6 DOC_195_082000000000000_POI  |7 0  |9 17703  |a BO  |b BO  |d 2026-01-15  |i 10088  |l 0  |o DOC 195.082 POI  |p BO10088  |r 2026-01-15 23:19:42  |w 2026-01-15  |x [Sebina 5] [1 v.]  |y BK  |z 1 v. 
952 |0 0  |1 0  |4 0  |6 DOC_195_082000000000000_POI  |7 0  |9 17704  |a BO  |b BO  |d 2026-01-15  |i 13747  |l 0  |o DOC 195.082 POI  |p BO13747  |r 2026-01-15 23:19:42  |w 2026-01-15  |x [Sebina 5] [1 v.]  |y BK  |z 1 v. (2. copia) 
999 |c 15072  |d 15072